[Event "13. Lichtenberger Sommer"]
[Site "?"]
[Date "2014.08.17"]
[Round "2.23"]
[White "Silz, Elisa"]
[Black "Zur, Jan"]
[Result "1/2-1/2"]
[WhiteElo "1957"]
[BlackElo "2088"]
[PlyCount "172"]
[EventDate "2014.??.??"]
[WhiteTeam "SV Empor Berlin e.V."]
[BlackTeam "SC Zugzwang 95 e.V."]

1. d4 d5 2. c4 dxc4 3. Nf3 Nf6 4. e3 e6 5. Bxc4 c5 6. O-O a6 7. Bb3 Nc6 8. Nc3
cxd4 9. exd4 Be7 10. a3 O-O 11. Re1 Qc7 12. Bg5 Rd8 13. d5 h6 14. Bh4 Nxd5 15.
Nxd5 exd5 16. Bg3 Bd6 17. Bh4 Be7 18. Bg3 Qd7 19. Ne5 Qe8 20. Ba4 Be6 21. Rc1
Rac8 22. Bxc6 bxc6 23. Qa4 c5 24. Qxa6 Ra8 25. Qe2 Bd6 26. Ng6 Qa4 27. Bxd6
Rxd6 28. Qe5 Qd7 29. Nf4 Rc6 30. Nh5 f6 31. Qg3 Bg4 32. Nf4 d4 33. h3 Bf5 34.
Nd3 c4 35. Nb4 Rc5 36. Qf3 Rac8 37. Qe2 Re5 38. Qd2 Be6 39. f4 Rec5 40. Red1
Rd8 41. Nd3 Rb5 42. Nb4 Qd6 43. Rf1 Re8 44. Rce1 Rd8 45. Rf2 Bf7 46. Rfe2 Rd7
47. Re4 Qc5 48. Kh2 c3 49. bxc3 Qxc3 50. Qxc3 dxc3 51. R4e3 c2 52. Nxc2 Rb2 53.
R3e2 Bc4 54. Re8+ Kf7 55. Ne3 Bb5 56. Nf5 Rdd2 57. R8e7+ Kg6 58. Nh4+ Kh5 59.
Kg3 Bc6 60. Rg1 g5 61. fxg5 fxg5 62. Nf3 Rd3 63. Re6 Bb7 64. Rf6 Rxa3 65. Rf1
Raa2 66. Rg1 Bd5 67. Rd6 Bb7 68. Rf6 Ba6 69. Nh2 Bb7 70. Nf3 Bd5 71. Rd6 Bc4
72. Nh2 Ra3+ 73. Nf3 Be2 74. Re1 Raa2 75. Rg1 Bf1 76. Ne1 Ba6 77. Nf3 Rf2 78.
Rxa6 Rxf3+ 79. gxf3 Rxa6 80. Re1 Kg6 81. h4 gxh4+ 82. Kxh4 Kf5 83. Re4 Ra1 84.
Kg3 h5 85. Rb4 Ra5 86. Rc4 Rb5 1/2-1/2

[Event "13. Lichtenberger Sommer"]
[Site "?"]
[Date "2014.08.17"]
[Round "2.24"]
[White "Lagunow, Raphael"]
[Black "Raab, Helen"]
[Result "1-0"]
[WhiteElo "2121"]
[BlackElo "1851"]
[PlyCount "71"]
[EventDate "2014.??.??"]
[WhiteTeam "SK Zehlendorf e.V."]
[BlackTeam "SC Kreuzberg e.V."]

1. e4 e6 2. d4 d5 3. Nd2 c5 4. Ngf3 Nf6 5. exd5 exd5 6. Be2 Nc6 7. dxc5 Bxc5 8.
Nb3 Bb6 9. O-O h6 10. c3 O-O 11. Nfd4 Be6 12. Bf3 Ne5 13. Bf4 Nxf3+ 14. Qxf3
Bg4 15. Qg3 Kh8 16. Be5 Be6 17. a4 Rc8 18. a5 Bc7 19. Bxc7 Rxc7 20. a6 b6 21.
Nb5 Re7 22. N3d4 Ne4 23. Qf4 Qd7 24. f3 Nc5 25. Rfd1 Nb3 26. Ra3 Nxd4 27. Nxd4
Rc8 28. Raa1 Qe8 29. Re1 Bd7 30. Kf2 Rxe1 31. Rxe1 Qf8 32. Qe5 Qc5 33. Qe7 Bb5
34. Qxa7 Rc7 35. Qb8+ Rc8 36. a7 1-0

[Event "13. Lichtenberger Sommer"]
[Site "?"]
[Date "2014.08.17"]
[Round "2.25"]
[White "Meyer-Dunker, Paul"]
[Black "Rohde, Wolfgang"]
[Result "0-1"]
[WhiteElo "1912"]
[BlackElo "2162"]
[PlyCount "78"]
[EventDate "2014.??.??"]
[WhiteTeam "SC Friesen Lichtenberg e.V."]
[BlackTeam "SC Friesen Lichtenberg e.V."]

1. e4 c5 2. Nf3 e6 3. Na3 Nc6 4. Bb5 Nd4 5. Nxd4 cxd4 6. O-O a6 7. Bd3 b5 8. e5
Bb7 9. Qg4 Qb6 10. c3 f5 11. Qxd4 Qc6 12. Be4 Qxe4 13. Qxe4 Bxe4 14. d4 Bxa3
15. bxa3 Ne7 16. a4 Nd5 17. Bb2 Nb6 18. a5 Na4 19. Ba3 Rc8 20. f3 Bd5 21. Rac1
Rxc3 22. Bb4 Rc4 23. Rxc4 Bxc4 24. Rf2 Kf7 25. g4 g6 26. h4 Rc8 27. h5 Bd5 28.
hxg6+ Kxg6 29. Kh2 Rc4 30. Bf8 f4 31. g5 Rc1 32. Kg2 Ra1 33. Kh3 Rxa2 34. Rf1
Kf5 35. g6 hxg6 36. Be7 Rc2 37. Bf8 g5 38. Be7 Bxf3 39. Bxg5 Bg4+ 0-1

[Event "13. Lichtenberger Sommer"]
[Site "?"]
[Date "2014.08.17"]
[Round "2.26"]
[White "Simon, Ralf-Axel"]
[Black "Hilbig, Dieter"]
[Result "1-0"]
[WhiteElo "2173"]
[BlackElo "2020"]
[PlyCount "107"]
[EventDate "2014.??.??"]
[WhiteTeam "TSG Neuruppin"]
[BlackTeam "ESV Gera"]

1. Nf3 d5 2. e3 c5 3. c4 Nf6 4. cxd5 Nxd5 5. Bc4 e6 6. O-O Bd6 7. d4 Nb6 8. Bb3
cxd4 9. exd4 N8d7 10. Nc3 O-O 11. Re1 Nf6 12. Bg5 Be7 13. Qd2 Bd7 14. Ne5 Nfd5
15. Bxe7 Nxe7 16. Rad1 Nbd5 17. Nxd5 Nxd5 18. Bxd5 exd5 19. Qb4 Rb8 20. Qc5 Ba4
21. b3 b6 22. Qb4 Be8 23. Rc1 Rc8 24. Rxc8 Qxc8 25. Qd6 Qc3 26. Nf3 Qa5 27. h3
Qxa2 28. Qxd5 Ba4 29. Re3 Be8 30. Ng5 Qb1+ 31. Kh2 Qg6 32. Rg3 Bc6 33. Qe5 Re8
34. Qc7 Qf6 35. Nf3 h5 36. Ne5 Bd5 37. Qd7 Rd8 38. Qxa7 h4 39. Rg4 Bxb3 40. Qc7
Be6 41. Nc6 Rd7 42. Qb8+ Kh7 43. Rf4 Qh6 44. Qe5 Rd5 45. Qe4+ g6 46. Rxh4 Rh5
47. Rxh5 Qxh5 48. Ne5 Qd1 49. Nf3 Qb3 50. Ng5+ Kg7 51. Qe5+ Kf8 52. Nh7+ Ke7
53. Nf6 Qb2 54. Nd5+ 1-0

[Event "13. Lichtenberger Sommer"]
[Site "?"]
[Date "2014.08.17"]
[Round "2.27"]
[White "Muskewitz, Bernd"]
[Black "Brümmel, Arend"]
[Result "0-1"]
[WhiteElo "1969"]
[BlackElo "2132"]
[PlyCount "178"]
[EventDate "2014.??.??"]
[WhiteTeam "SV Mattnetz Berlin e.V."]
[BlackTeam "Stader SV"]

1. e4 c5 2. Nf3 d6 3. c3 Nf6 4. Be2 Bg4 5. Qb3 Qc7 6. Ng5 e6 7. Bxg4 Nxg4 8.
Nxe6 Qe7 9. Qa4+ Nc6 10. Nxf8 Qh4 11. g3 Qh3 12. Qb5 Qg2 13. Qf1 Qxe4+ 14. Qe2
Qxe2+ 15. Kxe2 Rxf8 16. f3 Nge5 17. f4 Ng4 18. Kf3 f5 19. Re1+ Kd7 20. h3 Nf6
21. d3 Rae8 22. Be3 Re7 23. Nd2 Nd5 24. Bf2 Rf6 25. Rxe7+ Ncxe7 26. d4 b6 27.
dxc5 dxc5 28. Rd1 Rh6 29. Kg2 Rd6 30. Kf1 Nf6 31. Ke2 Re6+ 32. Kf3 Rd6 33. Ke2
Kc6 34. c4 Nc8 35. Nf3 Rxd1 36. Ne5+ Kd6 37. Kxd1 Nd7 38. Nxd7 Kxd7 39. Ke2 Nd6
40. Kd3 Ke6 41. b3 Ne4 42. Be1 Kd6 43. g4 Ke6 44. g5 Kf7 45. Ke3 Kg6 46. Kf3
Kh5 47. Kg2 h6 48. gxh6 Kxh6 49. Kf3 Kg6 50. Ke3 Kf7 51. Kd3 Ke6 52. Ke2 Kd6
53. Kf3 Kc6 54. a4 a6 55. Ke3 a5 56. Kf3 Kd6 57. Ke3 Ke6 58. Bh4 Nd6 59. Bd8
Nc8 60. Bh4 Kd7 61. Be1 Na7 62. Bc3 g6 63. Bf6 Nc6 64. Bc3 Ke6 65. Kd3 Kf7 66.
Ke3 Ke6 67. Kd3 Nd8 68. Be5 Kd7 69. Bc3 Nc6 70. Ke3 Ke6 71. Kd3 Kf7 72. Ke3 Kg8
73. Bf6 Kh7 74. h4 Kh6 75. Be5 Nxe5 76. fxe5 Kg7 77. Kf4 Kf7 78. Kg5 Ke6 79.
Kxg6 f4 80. h5 f3 81. h6 f2 82. h7 f1=Q 83. h8=Q Qg2+ 84. Kh7 Qh3+ 85. Kg8
Qxh8+ 86. Kxh8 Kxe5 87. Kg7 Kd4 88. Kf6 Kc3 89. Ke5 Kxb3 0-1

[Event "13. Lichtenberger Sommer"]
[Site "?"]
[Date "2014.08.17"]
[Round "2.28"]
[White "Schmidt, Jürgen"]
[Black "Kreutzkamp, Hans-Rudolf"]
[Result "1/2-1/2"]
[WhiteElo "1992"]
[BlackElo "2186"]
[PlyCount "51"]
[EventDate "2014.??.??"]
[WhiteTeam "SC Kreuzberg e.V."]
[BlackTeam "SK Union Eimsbuettel eV"]

1. e4 e5 2. Nf3 Nc6 3. Bb5 a6 4. Ba4 d6 5. O-O f5 6. exf5 Bxf5 7. d4 e4 8. d5
b5 9. dxc6 bxa4 10. Nd4 Qc8 11. Nc3 Nf6 12. f3 Be7 13. fxe4 Bg4 14. Qe1 O-O 15.
Nf5 Bd8 16. h3 Bh5 17. g4 Be8 18. g5 Nh5 19. Qe2 Qe6 20. Qg4 Qe5 21. Be3 Bg6
22. Rae1 a3 23. Ne2 axb2 24. Bd4 Qe8 25. Bxb2 Rb8 26. Ba1 1/2-1/2

[Event "13. Lichtenberger Sommer"]
[Site "?"]
[Date "2014.08.17"]
[Round "2.29"]
[White "Krefenstein, Sergej"]
[Black "George, Tom"]
[Result "1-0"]
[WhiteElo "2094"]
[BlackElo "1897"]
[PlyCount "135"]
[EventDate "2014.??.??"]
[WhiteTeam "TuS Makkabi Berlin e.V."]
[BlackTeam "SG Blau-Weiß Stadtilm"]

1. e4 c5 2. c3 Nf6 3. e5 Nd5 4. Nf3 e6 5. d4 cxd4 6. cxd4 Qc7 7. Bd2 b6 8. Nc3
Nxc3 9. Bxc3 Bb7 10. Bd3 Be7 11. O-O Ba6 12. d5 exd5 13. Bxa6 Nxa6 14. Qxd5 O-O
15. Rfd1 Nc5 16. Nd4 Rfd8 17. Nf5 Bf8 18. Rac1 Qc6 19. Nd6 Qxd5 20. Rxd5 Bxd6
21. exd6 Re8 22. g3 Rac8 23. Rg5 g6 24. Bb4 f5 25. Bxc5 Rxc5 26. Rxc5 bxc5 27.
g4 Re5 28. gxf5 Rxf5 29. Rg3 Rd5 30. Ra3 Rxd6 31. Rxa7 Rb6 32. b3 Rd6 33. Kg2
Kf7 34. Rc7 Rd5 35. Kf3 Ke6 36. Ra7 Rh5 37. Kg3 Rd5 38. Ra4 Ke5 39. Rc4 d6 40.
Kf3 Rd3+ 41. Ke2 Rh3 42. b4 Kd5 43. Rf4 Ra3 44. bxc5 Rxa2+ 45. Kf3 Ra3+ 46. Kg4
dxc5 47. Rf7 h5+ 48. Kg5 Rh3 49. Kxg6 Rxh2 50. f4 h4 51. f5 Rg2+ 52. Kf6 Kd6
53. Rh7 Rg4 54. Rh8 c4 55. Rd8+ Kc7 56. Rd1 h3 57. Ke7 h2 58. Rh1 Rg2 59. f6
Re2+ 60. Kf8 Kd7 61. f7 Ke6 62. Rf1 Rg2 63. Ke8 Rg1 64. f8=Q h1=Q 65. Rf6+ Kd5
66. Qd6+ Ke4 67. Rf4+ Ke3 68. Qd4+ 1-0

[Event "13. Lichtenberger Sommer"]
[Site "?"]
[Date "2014.08.17"]
[Round "2.30"]
[White "Stiemerling, Wilfried"]
[Black "Barwich, Alfred"]
[Result "1/2-1/2"]
[WhiteElo "2134"]
[BlackElo "2041"]
[PlyCount "113"]
[EventDate "2014.??.??"]
[WhiteTeam "BSG Pneumant Fürstenwalde e.V."]
[BlackTeam "SV Berolina Mitte e.V."]

1. d4 d6 2. Nf3 Nf6 3. c4 Nbd7 4. Nc3 c6 5. Bg5 h6 6. Bh4 g5 7. Bg3 Nh5 8. e3
Nxg3 9. hxg3 Bg7 10. Qc2 e5 11. dxe5 dxe5 12. Be2 Qe7 13. Nd2 Nf6 14. Nde4 Bf5
15. Nd6+ Qxd6 16. Qxf5 Qe6 17. Bd3 O-O-O 18. Qxe6+ fxe6 19. Be4 Nd7 20. Ke2
Rhf8 21. g4 Nb6 22. b3 Rd7 23. Rad1 Rdf7 24. f3 Rd7 25. Rxd7 Kxd7 26. Rd1+ Ke7
27. Kd3 Rc8 28. Kc2 Rc7 29. Bd3 Nd7 30. b4 b6 31. Kb3 Bf8 32. a3 Nf6 33. Be4
Ne8 34. b5 c5 35. a4 Nd6 36. Bc6 Bg7 37. Be4 Nc8 38. Ne2 Rd7 39. Rxd7+ Kxd7 40.
Kc3 Nd6 41. Kd3 Bf8 42. Ng3 Ke7 43. Nh5 Ne8 44. Bc6 Nf6 45. Ng3 Kd6 46. Nf1 a5
47. Nh2 Be7 48. g3 Kc7 49. f4 exf4 50. gxf4 Bd6 51. fxg5 Bxh2 52. gxf6 Be5 53.
f7 Bg7 54. Ke4 Kd6 55. Kf3 Ke7 56. Be8 Kf6 57. Kf4 1/2-1/2

[Event "13. Lichtenberger Sommer"]
[Site "?"]
[Date "2014.08.17"]
[Round "2.31"]
[White "Leyrer, Thomas"]
[Black "Schäfer, Heiko"]
[Result "1-0"]
[WhiteElo "1774"]
[BlackElo "2064"]
[PlyCount "89"]
[EventDate "2014.??.??"]
[WhiteTeam "SV Königsjäger Süd-West e.V."]
[BlackTeam "Potsdamer SV Mitte e.V."]

1. d4 d5 2. c4 e6 3. Nc3 c6 4. e4 dxe4 5. Nxe4 Bb4+ 6. Bd2 Qxd4 7. Bxb4 Qxe4+
8. Be2 Na6 9. Ba5 b6 10. Qd6 Ne7 11. Bc3 Nf5 12. Qd2 O-O 13. Nf3 f6 14. O-O e5
15. Bd3 Qg4 16. h3 Qh5 17. Be4 Qe8 18. b4 Ne7 19. b5 Nc5 20. Bxc6 Nxc6 21. Qd5+
Be6 22. Qxc6 Bxc4 23. Rad1 Bxb5 24. Qd5+ Kh8 25. Bb4 Rd8 26. Qxd8 Qxd8 27. Rxd8
Rxd8 28. Rc1 Ne6 29. Be7 Re8 30. Ba3 Kg8 31. Nd2 Kf7 32. Ne4 Nd4 33. Nd6+ Kg6
34. Rb1 Bd3 35. Rd1 Rd8 36. Rxd3 Nb5 37. Rg3+ Kh5 38. Nxb5 Rd1+ 39. Kh2 g6 40.
Nxa7 Rd2 41. Nc8 Rxf2 42. Nxb6 Rxa2 43. Nd7 Rf2 44. Be7 g5 45. Nxf6+ 1-0

[Event "13. Lichtenberger Sommer"]
[Site "?"]
[Date "2014.08.17"]
[Round "2.33"]
[White "Willich, Manfred"]
[Black "Stark, Ingo"]
[Result "0-1"]
[WhiteElo "1961"]
[BlackElo "2134"]
[PlyCount "62"]
[EventDate "2014.??.??"]
[WhiteTeam "SK Turm Bad Hersfeld"]
[BlackTeam "TSG Oberschöneweide e.V."]

1. d4 b5 2. Bf4 Bb7 3. e3 Nf6 4. Nf3 a6 5. h3 e6 6. Bd3 c5 7. c3 d6 8. Nbd2
Nbd7 9. O-O Qc7 10. e4 e5 11. Bh2 g6 12. a4 c4 13. Bc2 Bg7 14. Qe2 O-O 15. b3
exd4 16. bxc4 dxc3 17. Nb3 bxc4 18. Nbd4 Rfe8 19. Qe3 Nxe4 20. Rfd1 Qc5 21.
Bxe4 Bxe4 22. Qxc3 Bxf3 23. gxf3 Nb6 24. Rac1 Rac8 25. a5 Nd5 26. Qd2 Bxd4 27.
Qxd4 Re1+ 28. Kg2 Qxd4 29. Rxd4 Rxc1 30. Rxd5 c3 31. Rxd6 c2 0-1

[Event "13. Lichtenberger Sommer"]
[Site "?"]
[Date "2014.08.17"]
[Round "2.34"]
[White "Waitz, Marco"]
[Black "Wecker, Martin"]
[Result "0-1"]
[WhiteElo "1984"]
[BlackElo "2049"]
[PlyCount "24"]
[EventDate "2014.??.??"]
[WhiteTeam "BSV 63 Chemie Weißensee"]
[BlackTeam "Godesberger Schachklub 1929 e.V."]

1. e4 c5 2. c3 d5 3. exd5 Qxd5 4. d4 Nf6 5. Nf3 Bg4 6. Be2 Nc6 7. O-O cxd4 8.
cxd4 e6 9. Nc3 Qa5 10. h3 Bh5 11. Ne5 Bxe2 12. Nxc6 Qxc3 0-1

[Event "13. Lichtenberger Sommer"]
[Site "?"]
[Date "2014.08.17"]
[Round "2.35"]
[White "Fiedler, Wolfgang"]
[Black "Flick, Antoine"]
[Result "0-1"]
[WhiteElo "1928"]
[BlackElo "2035"]
[PlyCount "68"]
[EventDate "2014.??.??"]
[WhiteTeam "SV Berolina Mitte e.V."]
[BlackTeam "Philidor Mulhouse"]

1. d4 Nf6 2. Nf3 g6 3. c4 Bg7 4. Nc3 d5 5. Qb3 dxc4 6. Qxc4 O-O 7. g3 Nc6 8.
Bg2 Nd7 9. Be3 Nb6 10. Qd3 Bf5 11. Qd2 Nc4 12. Qc1 Nb4 13. O-O Nc2 14. Nd1
N4xe3 15. Nxe3 Nxa1 16. Nxf5 gxf5 17. e3 c5 18. Qxc5 Rc8 19. Qxf5 e6 20. Qh5
Nc2 21. Nh4 h6 22. Be4 Nxd4 23. exd4 Qxd4 24. Bxb7 Rb8 25. Nf3 Qd3 26. Ne1 Qd7
27. Ba6 Rxb2 28. Bc4 Rc8 29. Bb3 Rc1 30. Nf3 Rxf1+ 31. Kxf1 Qd3+ 32. Kg2 Qe3
33. Bd1 Qxf2+ 34. Kh3 Qf1+ 0-1

[Event "13. Lichtenberger Sommer"]
[Site "?"]
[Date "2014.08.17"]
[Round "2.36"]
[White "Albrecht, Rainer"]
[Black "Baranowsky, Peter"]
[Result "1/2-1/2"]
[WhiteElo "2109"]
[BlackElo "1978"]
[PlyCount "80"]
[EventDate "2014.??.??"]
[WhiteTeam "SC Kreuzberg e.V."]
[BlackTeam "Sfrd. Berlin 1903 e.V."]

1. d4 d5 2. c4 c6 3. Nc3 Nf6 4. e3 e6 5. Nf3 Nbd7 6. Bd3 dxc4 7. Bxc4 b5 8. Bd3
Bb7 9. e4 a6 10. e5 Nd5 11. Nxd5 cxd5 12. O-O Be7 13. Be3 Rc8 14. Ne1 O-O 15.
f4 f5 16. g4 Qb6 17. Kh1 g6 18. Rg1 Rf7 19. Rg2 Nf8 20. gxf5 exf5 21. Nf3 Ne6
22. h4 Rcf8 23. Kh2 Ng7 24. Rc1 Ne6 25. Qg1 Kh8 26. Rgc2 Qd8 27. Kh3 Qd7 28.
Ng5 Bxg5 29. hxg5 Rc8 30. Kg3 Rxc2 31. Rxc2 Kg8 32. Bd2 Qd8 33. Bb4 Qb6 34. Bc5
Nxc5 35. Rxc5 Rc7 36. b4 Kf7 37. Bc2 Ke6 38. Bb3 Rxc5 39. dxc5 Qa7 40. Kf3 Bc6
1/2-1/2

[Event "13. Lichtenberger Sommer"]
[Site "?"]
[Date "2014.08.17"]
[Round "2.37"]
[White "Junge, Wolfgang"]
[Black "Heuser, Philip"]
[Result "0-1"]
[WhiteElo "1848"]
[BlackElo "2095"]
[PlyCount "56"]
[EventDate "2014.??.??"]
[WhiteTeam "SC Friesen Lichtenberg e.V."]
[BlackTeam "Münchener SC 1836 e.V."]

1. d4 d5 2. c4 c6 3. Nf3 Nf6 4. Nc3 dxc4 5. a4 Bf5 6. e3 e6 7. Bxc4 Bb4 8. Bd2
O-O 9. Ne4 Bxd2+ 10. Nexd2 Nbd7 11. Nh4 Bg4 12. Be2 Bxe2 13. Kxe2 e5 14. dxe5
Nxe5 15. Ndf3 Qb6 16. Qc2 Qa6+ 17. Kd2 Rad8+ 18. Kc1 Nd3+ 19. Kb1 Ne4 20. Ra3
Ndxf2 21. Rg1 g6 22. g3 Rd5 23. b4 Rfd8 24. Nd4 c5 25. b5 Qf6 26. Nb3 Nc3+ 27.
Kb2 Nd3+ 28. Ka1 Nxb5+ 0-1

[Event "13. Lichtenberger Sommer"]
[Site "?"]
[Date "2014.08.17"]
[Round "2.38"]
[White "Heerde, Thomas"]
[Black "Scheide, Helmut"]
[Result "1-0"]
[WhiteElo "2074"]
[BlackElo "1947"]
[PlyCount "121"]
[EventDate "2014.??.??"]
[WhiteTeam "SC Weisse Dame e.V."]
[BlackTeam "USV Potsdam e.V., Abt. Schach"]

1. Nf3 Nf6 2. g3 d5 3. Bg2 e6 4. O-O Nbd7 5. b3 Be7 6. Bb2 c5 7. d3 O-O 8. Nbd2
Qc7 9. e4 d4 10. a4 Rb8 11. Nc4 b6 12. Bc1 Qd8 13. Bf4 Ra8 14. a5 a6 15. axb6
Nxb6 16. Nfe5 Nxc4 17. Nxc4 Ne8 18. Bd2 Rb8 19. f4 Nd6 20. Na5 Bd7 21. Ra2 Nb5
22. Qa1 Qc8 23. Nc4 Nc7 24. Qe1 Bc6 25. g4 Qd8 26. Ba5 Bb5 27. Nd2 Qd7 28. h4
Ne8 29. Bh3 Nd6 30. Nf3 Nb7 31. Bd2 f6 32. Ra1 Nd6 33. Qg3 Nf7 34. g5 Kh8 35.
Kh1 f5 36. g6 hxg6 37. Qxg6 Nh6 38. Ne5 Qb7 39. Qxe6 Be8 40. Bg2 Qc7 41. Qxa6
Bxh4 42. Qa7 Rb7 43. Qa8 Rb8 44. Qd5 Rf6 45. Ra5 Bb5 46. Ra8 Rxa8 47. Qxa8+ Kh7
48. Ba5 Ra6 49. Qxa6 Bxa6 50. Bxc7 Be7 51. Ra1 Bb7 52. Ra7 Bc8 53. Bb6 Bd6 54.
Bh3 Ng4 55. Bxg4 fxg4 56. Bc7 Be7 57. Kg2 Bf6 58. Nc4 Kg6 59. Bb6 Kh5 60. f5
Kg5 61. Nd6 1-0

[Event "13. Lichtenberger Sommer"]
[Site "?"]
[Date "2014.08.17"]
[Round "2.40"]
[White "Hoffmann, Rainer"]
[Black "Jensen, Johnny"]
[Result "1-0"]
[WhiteElo "2064"]
[BlackElo "1873"]
[PlyCount "85"]
[EventDate "2014.??.??"]
[WhiteTeam "BSC Rehberge 1945 e.V."]
[BlackTeam "Aros Skakklub"]

1. d4 Nf6 2. c4 e5 3. dxe5 Ng4 4. Bf4 g5 5. Bg3 Bg7 6. Nf3 Nc6 7. e4 Ngxe5 8.
Nxe5 Nxe5 9. Nc3 d6 10. Be2 b6 11. Rc1 Bb7 12. h4 gxh4 13. Bxh4 Bf6 14. g3 Bxh4
15. Rxh4 Qd7 16. Rh5 Qe7 17. f4 Nd7 18. Nd5 Bxd5 19. Qxd5 Rd8 20. Qc6 Kf8 21.
Bf3 Nc5 22. Rd1 Rg8 23. Kf2 Ne6 24. Qd5 Qf6 25. Qd2 Qg7 26. Rg1 Nd4 27. Bd1 c5
28. Qd3 Ne6 29. Qd2 Nd4 30. g4 Re8 31. Re1 f5 32. exf5 Rxe1 33. Qxe1 Qb7 34. f6
Rg6 35. Qe7+ Qxe7 36. fxe7+ Kxe7 37. Rxh7+ Kf6 38. Rd7 Ke6 39. Rxa7 Rh6 40. Kg2
d5 41. Rb7 Kd6 42. Rxb6+ Nc6 43. cxd5 1-0

[Event "13. Lichtenberger Sommer"]
[Site "?"]
[Date "2014.08.17"]
[Round "2.41"]
[White "Bonke, Hans-Jürgen"]
[Black "Hahlbohm, Matthias"]
[Result "0-1"]
[WhiteElo "1951"]
[BlackElo "2074"]
[PlyCount "82"]
[EventDate "2014.??.??"]
[WhiteTeam "SC Kreuzberg e.V."]
[BlackTeam "TSG Oberschöneweide e.V."]

1. g3 d5 2. Bg2 e5 3. e3 c5 4. d3 Nc6 5. Ne2 Be6 6. Nd2 Qd7 7. h3 Bd6 8. b3
Nge7 9. Bb2 f6 10. a3 O-O-O 11. Nc3 h5 12. e4 d4 13. Ne2 g5 14. Nc4 Ng6 15. Bc1
Bc7 16. Bd2 Kb8 17. Qc1 Rdg8 18. a4 a5 19. Na3 Nb4 20. Nb5 Rc8 21. Qb2 Qf7 22.
Bxb4 cxb4 23. Qc1 Bd7 24. Nxc7 Rxc7 25. Qd2 Rhc8 26. Rc1 Be6 27. O-O Qd7 28.
Kh2 Rc5 29. f4 exf4 30. gxf4 gxf4 31. Kg1 Bxh3 32. Nxf4 Bxg2 33. Nxg2 Rg5 34.
Rxf6 Qg4 35. Rf5 Rxf5 36. exf5 Qxf5 37. Rf1 Qg4 38. Rf2 Re8 39. Kf1 Ka8 40. Nf4
Nh4 41. Ng2 Qh3 0-1

[Event "13. Lichtenberger Sommer"]
[Site "?"]
[Date "2014.08.17"]
[Round "2.42"]
[White "Godoj, Veit"]
[Black "Möller, Dustin"]
[Result "1/2-1/2"]
[WhiteElo "2031"]
[BlackElo "1819"]
[PlyCount "44"]
[EventDate "2014.??.??"]
[WhiteTeam "SV Königsjäger Süd-West e.V."]
[BlackTeam "Eckernförder SC von 1921"]

1. e4 e5 2. Nf3 Nc6 3. Bc4 Bc5 4. c3 Nf6 5. d3 h6 6. O-O d6 7. Bb3 O-O 8. Re1
Bb6 9. h3 Be6 10. Nbd2 Bxb3 11. axb3 Re8 12. Nc4 d5 13. Nxb6 axb6 14. Rxa8 Qxa8
15. Nh4 dxe4 16. dxe4 Qd8 17. Qf3 Nd7 18. Rd1 Qxh4 19. Rxd7 Re7 20. Rd5 Re8 21.
Rd7 Re7 22. Rd5 Re8 1/2-1/2

[Event "13. Lichtenberger Sommer"]
[Site "?"]
[Date "2014.08.17"]
[Round "2.43"]
[White "Amelang, Thomas"]
[Black "Lischeid, Kilian"]
[Result "1-0"]
[WhiteElo "2109"]
[BlackElo "1642"]
[PlyCount "67"]
[EventDate "2014.??.??"]
[WhiteTeam "SK Siemens München"]
[BlackTeam "Schachunion Berlin e.V."]

1. e4 c5 2. Nc3 Nc6 3. d3 g6 4. Be3 d6 5. Qd2 Bg7 6. g3 Nf6 7. h3 O-O 8. Bg2
Nd4 9. Nce2 e5 10. c3 Ne6 11. f4 b5 12. f5 Nc7 13. g4 a5 14. g5 Nh5 15. f6 Bh8
16. Bf3 h6 17. h4 Kh7 18. Nh3 Bxh3 19. Rxh3 Qd7 20. Rh2 Nf4 21. Bxf4 exf4 22.
Nxf4 h5 23. O-O-O b4 24. c4 Rad8 25. Rg1 Rg8 26. Qd1 Ne6 27. Nxe6 Qxe6 28. Bxh5
Bxf6 29. gxf6 Qe5 30. Rhg2 gxh5 31. Rg7+ Rxg7 32. Rxg7+ Kh8 33. Rg5 Qf4+ 34.
Kb1 1-0

[Event "13. Lichtenberger Sommer"]
[Site "?"]
[Date "2014.08.17"]
[Round "2.44"]
[White "Schilling, Hans"]
[Black "Schmidt, Markus"]
[Result "0-1"]
[WhiteElo "1846"]
[BlackElo "2097"]
[PlyCount "58"]
[EventDate "2014.??.??"]
[WhiteTeam "Sfr.Nord-Ost Berlin"]
[BlackTeam "SK Turm Bad Hersfeld"]

1. c4 Nf6 2. g3 g6 3. Bg2 Bg7 4. Nf3 O-O 5. O-O d6 6. d3 e5 7. Nc3 Nc6 8. Rb1
Bg4 9. h3 Be6 10. e4 h6 11. Nd5 Nh5 12. Nh4 Nd4 13. Be3 c6 14. Nc3 Nf4 15. Kh2
Nxg2 16. Kxg2 Kh7 17. Nf3 Qd7 18. Ng1 f5 19. f4 Rae8 20. Qd2 fxe4 21. Nxe4 b6
22. b3 Nf5 23. g4 Nxe3+ 24. Qxe3 d5 25. cxd5 cxd5 26. Ng3 exf4 27. Rxf4 Bxg4
28. Qf2 Be6 29. Re1 Rxf4 0-1

[Event "13. Lichtenberger Sommer"]
[Site "?"]
[Date "2014.08.17"]
[Round "2.45"]
[White "Albinus, Günter"]
[Black "Badestein, Hartmut"]
[Result "1/2-1/2"]
[WhiteElo "1877"]
[BlackElo "2066"]
[PlyCount "62"]
[EventDate "2014.??.??"]
[WhiteTeam "SG Weißensee 49 e.V."]
[BlackTeam "SC Friesen Lichtenberg e.V."]

1. Nf3 g6 2. d4 Bg7 3. c3 d5 4. Bf4 Nf6 5. h3 O-O 6. Nbd2 Nbd7 7. Ne5 c5 8. e3
Nxe5 9. Bxe5 b6 10. Nb3 c4 11. Nd2 Bb7 12. Be2 Bh6 13. Bf3 Rc8 14. O-O Nd7 15.
Bh2 f5 16. Re1 Bg7 17. Be2 b5 18. Nf3 Qb6 19. Qd2 a5 20. a3 Nf6 21. Rec1 Ra8
22. Qe1 Bc8 23. Rcb1 a4 24. Qd2 Ne4 25. Qc2 g5 26. Nd2 Nd6 27. Bf3 Be6 28. Qd1
Rf6 29. Qe2 Raf8 30. Rf1 Qc6 31. Rae1 Qd7 1/2-1/2

[Event "13. Lichtenberger Sommer"]
[Site "?"]
[Date "2014.08.17"]
[Round "2.46"]
[White "Rollwitz, Jürgen"]
[Black "Wörz, Markus"]
[Result "0-1"]
[WhiteElo "1987"]
[BlackElo "1949"]
[PlyCount "59"]
[EventDate "2014.??.??"]
[WhiteTeam "SC Rochade e.V."]
[BlackTeam "SC Kreuzberg e.V."]

1. e4 e5 2. Bc4 Nf6 3. Nf3 Nc6 4. Ng5 d5 5. exd5 b5 6. Bxb5 Qxd5 7. Bxc6+ Qxc6
8. f3 h6 9. Ne4 Nxe4 10. fxe4 Qxe4+ 11. Qe2 Qh4+ 12. g3 Qh3 13. Nc3 Bd6 14. d3
O-O 15. Be3 Rb8 16. b3 Bb4 17. Bd2 Ba3 18. Bc1 Bxc1 19. Rxc1 f5 20. Rg1 e4 21.
Qg2 Qh5 22. Nd5 Qf7 23. dxe4 fxe4 24. c4 Bg4 25. Rf1 Bf3 26. Qd2 c6 27. Nb4
Rbd8 28. Qe3 Qd7 29. Rc2 Qd1+ 30. Kf2 0-1

[Event "13. Lichtenberger Sommer"]
[Site "?"]
[Date "2014.08.17"]
[Round "2.47"]
[White "Schubert, Joachim"]
[Black "Püschel, Werner"]
[Result "0-1"]
[WhiteElo "1848"]
[BlackElo "2093"]
[PlyCount "110"]
[EventDate "2014.??.??"]
[WhiteTeam "SC Friesen Lichtenberg e.V."]
[BlackTeam "SG Lasker Steglitz-Wilmersdorf"]

1. e4 c5 2. Nf3 e6 3. d4 cxd4 4. Nxd4 a6 5. a4 Nf6 6. Bd3 Bc5 7. Nb3 Bb4+ 8. c3
Bd6 9. f4 e5 10. f5 Qc7 11. Be3 a5 12. N1d2 Na6 13. O-O Nc5 14. Bc2 b6 15. Rf3
Bb7 16. Nxc5 Bxc5 17. Qe2 d5 18. exd5 Bxd5 19. Rg3 O-O 20. Kh1 Bxe3 21. Qxe3
Nh5 22. Rg4 f6 23. Be4 Rad8 24. g3 Qc5 25. Qh6 Bf7 26. Nf1 Qf2 27. Qc1 Rd6 28.
b4 Rfd8 29. Qe3 Qxe3 30. Nxe3 Rd2 31. bxa5 bxa5 32. Re1 Ra2 33. Bc6 g5 34. fxg6
hxg6 35. c4 Rdd2 36. Nf1 Rf2 37. Bd5 Kg7 38. Rge4 Be8 39. c5 Bd7 40. Rh4 Rac2
41. Kg1 Rb2 42. c6 Bc8 43. Rc1 f5 44. Ne3 e4 45. Nc4 Rg2+ 46. Kh1 Rgc2 47. Rxc2
Rxc2 48. Kg1 Nf6 49. Nd6 Nxd5 50. Nxc8 Rxc6 51. Na7 Rc4 52. Kf2 Rxa4 53. Nc6
e3+ 54. Ke2 Rxh4 55. gxh4 a4 0-1

[Event "13. Lichtenberger Sommer"]
[Site "?"]
[Date "2014.08.17"]
[Round "2.48"]
[White "Meister, Jakob"]
[Black "Petersen, Moritz"]
[Result "1-0"]
[WhiteElo "2466"]
[BlackElo "1711"]
[PlyCount "45"]
[EventDate "2014.??.??"]
[WhiteTeam "SK Zehlendorf e.V."]
[BlackTeam "SV Glück auf Rüdersdorf e.V."]

1. e4 e6 2. d4 d5 3. Nc3 Nf6 4. Bg5 dxe4 5. Nxe4 Nbd7 6. Nf3 Be7 7. Nxf6+ Bxf6
8. Qd2 Bxg5 9. Nxg5 Nf6 10. O-O-O b6 11. Bb5+ Bd7 12. Bc4 Bc6 13. Rhe1 Bd5 14.
Bb5+ c6 15. Bd3 h6 16. Nf3 Bxf3 17. gxf3 Qxd4 18. Rxe6+ Kf8 19. Rxc6 Qa4 20.
Qc3 Qxa2 21. Qb4+ Kg8 22. Rxf6 Qa1+ 23. Kd2 1-0